Acciones y recursos en materia tributaria (Registro nro. 2479)
[ vista simple ]
| 000 -LEADER | |
|---|---|
| fixed length control field | 01920 a2200241 4500 |
| 001 - CONTROL NUMBER | |
| control field | 34651 |
| 005 - DATE AND TIME OF LATEST TRANSACTION | |
| control field | 20260407155633.0 |
| 008 - FIXED-LENGTH DATA ELEMENTS--GENERAL INFORMATION | |
| fixed length control field | 260407a2014 arg spa d |
| 003 - CONTROL NUMBER IDENTIFIER | |
| control field | AR-UNSa-BCEJYS |
| 040 ## - CATALOGING SOURCE | |
| Original cataloging agency | AR-UNSa-BCEJYS |
| Language of cataloging | spa |
| Transcribing agency | AR-UNSa-BCEJYS |
| 080 ## - UNIVERSAL DECIMAL CLASSIFICATION NUMBER | |
| Universal Decimal Classification number | 336.2 |
| Common auxiliary subdivision | Ingresos públicos (Derecho tributario) |
| 020 ## - INTERNATIONAL STANDARD BOOK NUMBER | |
| International Standard Book Number | 978-950-20-2582-7 |
| 041 ## - LANGUAGE CODE | |
| Language code of text/sound track or separate title | spa |
| 100 1# - MAIN ENTRY--PERSONAL NAME | |
| Personal name | Spisso, Rodolfo Roque |
| 245 10 - TITLE STATEMENT | |
| Title | Acciones y recursos en materia tributaria |
| 250 ## - EDITION STATEMENT | |
| Edition statement | 4a. ed. |
| 264 #1 - PRODUCTION, PUBLICATION, DISTRIBUTION, MANUFACTURE, AND COPYRIGHT NOTICE | |
| Place of production, publication, distribution, manufacture | Buenos Aires : |
| Name of producer, publisher, distributor, manufacturer | Abeledo Perrot |
| Date of production, publication, distribution, manufacture, or copyright notice | 2014 |
| 300 ## - PHYSICAL DESCRIPTION | |
| Extent | 2 v. |
| Dimensions | 25 cm. |
| 505 ## - FORMATTED CONTENTS NOTE | |
| Formatted contents note | Vol. I: 1. La potestad tributaria y el orden constitucional - 2. El control judicial de constitucionalidad en el proceso tributario - 3. El proceso tributario y el marco constitucional - 4. Igualdad de las partes de la relación tributaria y vicisitudes del principio - 5. La administración tributaria y la función de comprobación - 6. Determinación del tributo - 7. Recursos contra actos de la AFIP - 8. El Tribunal Fiscal de la Nación - 9. Juicio de ejecución fiscal - 10. Acción de amparo - 11. La acción declarativa - 12. Acción de repetición - 13. Procedimiento penal tributario - 14. Jurisdicción y competencia de la Corte Suprema - 15. Procedimiento ante la Comisión arbitral y Comisión Federal de Impuestos - 16. Acciones y recursos en jurisdicción provincial - 17. La privatización de la función pública en el estado desertor - 18. Juicio por jurados en materia tributaria -- Vol. II: La interpretación de las leyes tributarias a través de la doctrina de la Corte Suprema de Justicia de la Nación y demás tribunales inferiores. Ciudad Autónoma de Buenos Aires, provincias de Buenos Aires, Córdoba, Mendoza, Salta, Santa Fe y Tucumán<br/> |
| 590 ## - LOCAL NOTE (RLIN) | |
| Local note | niveau_biblio:m niveau_hierar:0 |
| 856 41 - ELECTRONIC LOCATION AND ACCESS | |
| Uniform Resource Identifier | <a href="https://biblioeco.unsa.edu.ar/pmb/images/libros/accionesRecMatTrib.jpg">https://biblioeco.unsa.edu.ar/pmb/images/libros/accionesRecMatTrib.jpg</a> |
| Link text | Imagen de portada |
| Electronic format type | image/jpeg |
| 942 ## - ADDED ENTRY ELEMENTS (KOHA) | |
| Koha item type | |
| Withdrawn status | Lost status | Damaged status | Not for loan | Home library | Current library | Shelving location | Date acquired | Total checkouts | Full call number | Barcode | Date last seen | Price effective from | Koha item type |
|---|---|---|---|---|---|---|---|---|---|---|---|---|---|
| Biblioteca Prof. Eusebio Cleto del Rey | Biblioteca Prof. Eusebio Cleto del Rey | 07/04/2026 | P336.2 S754 v.1 4ed. | L125556 | 07/04/2026 | 07/04/2026 | Libro | ||||||
| Biblioteca Prof. Eusebio Cleto del Rey | Biblioteca Prof. Eusebio Cleto del Rey | 07/04/2026 | P336.2 S754 v.2 4ed. | L125557 | 07/04/2026 | 07/04/2026 | Libro | ||||||
| Biblioteca Prof. Eusebio Cleto del Rey | Biblioteca Prof. Eusebio Cleto del Rey | 07/04/2026 | P336.2 S754 v.1 4ed. | L126124 | 07/04/2026 | 07/04/2026 | Libro | ||||||
| Biblioteca Prof. Eusebio Cleto del Rey | Biblioteca Prof. Eusebio Cleto del Rey | 07/04/2026 | P336.2 S754 v.2 4ed. | L126125 | 07/04/2026 | 07/04/2026 | Libro |